Pays de l'UE n'utilisant pas l'Euro - Statistiques

Statistiques générales
  • Ce quiz a été pris 99 fois
    92 depuis la dernière actualisation
  • Le résultat moyen est 5 sur 7
Statistiques - réponses
Réponse % Correct
Suède
79%
Pologne
72%
Roumanie
66%
Danemark
63%
Tchéquie
59%
Bulgarie
58%
Hongrie
56%
Aucun quiz correspondant
Distribution des résultats
% des personnes avec chaque résultat
Percentile par nombre de réponses
Votre historique - résultats
Vous n’avez pas pris ce quiz depuis la dernière actualisation